Carsberg RICS review (Record no. 66983)

MARC details
000 -LEADER
fixed length control field 01229cam a2200253 4500
001 - CONTROL NUMBER
control field WB3718-33
008 - FIXED-LENGTH DATA ELEMENTS--GENERAL INFORMATION
fixed length control field 000000n2001 000 0 eng u
035 ## - SYSTEM CONTROL NUMBER
System control number (Sirsi) u112545
245 ## - TITLE STATEMENT
Title Carsberg RICS review
260 ## - PUBLICATION, DISTRIBUTION, ETC.
Date of publication, distribution, etc. 2001
490 ## - SERIES STATEMENT
Series statement Property Week
Volume/sequential designation 66(18) 4 May 2001, 2,24(1)
520 ## - SUMMARY, ETC.
Summary, etc. RICS has asked former OFT chief Sir Bryan Carsberg to lead a wide-ranging review of client/valuer relationships. Carsberg, will head a working party set up following controversy over valuers sparked by research by the Universities of Reading and Nottingham Trent, which questions the moral stance of some client/valuer relationships. Carsberg, who is heading a group being finalised now, will report back in Autumn 2001. Includes an explanation by Duncan Preston, chairman of the RICS Valuation Faculty, of his choice of Sir Bryan Carsberg for the RICS valuaton working group.
590 ## - LOCAL NOTE (RLIN)
Local note WB
650 ## - SUBJECT ADDED ENTRY--TOPICAL TERM
Topical term or geographic name entry element CLIENTS
650 ## - SUBJECT ADDED ENTRY--TOPICAL TERM
Topical term or geographic name entry element VALUERS
650 ## - SUBJECT ADDED ENTRY--TOPICAL TERM
Topical term or geographic name entry element RELATIONSHIPS
650 ## - SUBJECT ADDED ENTRY--TOPICAL TERM
Topical term or geographic name entry element WORKING PARTIES
650 ## - SUBJECT ADDED ENTRY--TOPICAL TERM
Topical term or geographic name entry element UNIVERSITY OF READING
650 ## - SUBJECT ADDED ENTRY--TOPICAL TERM
Topical term or geographic name entry element NOTTINGHAM TRENT UNIVERSITY
650 ## - SUBJECT ADDED ENTRY--TOPICAL TERM
Topical term or geographic name entry element VALUATION PROCESS
650 ## - SUBJECT ADDED ENTRY--TOPICAL TERM
Topical term or geographic name entry element VALUATION PROFESSION
690 ## - LOCAL SUBJECT ADDED ENTRY--TOPICAL TERM (OCLC, RLIN)
Topical term or geographic name as entry element PROPERTY-PROPERTY APPRAISAL AND VALUATION
942 ## - ADDED ENTRY ELEMENTS (KOHA)
Suppress in OPAC 0
Holdings
Withdrawn status Lost status Source of classification or shelving scheme Damaged status Not for loan Home library Current library Shelving location Date acquired Total Checkouts Full call number Barcode Date last seen Copy number Price effective from Koha item type
    Dewey Decimal Classification     London London News article 10/05/2001   WB3718-33 112545-1001 06/08/2019 1 06/08/2019 News article